01176 2200193 4500001002100000005001500021008004100036020001800077035001900095041000700114082001200121090001800133100002300151245004300174260003800217300003900255500062700294650006100921INLIS00000000003198020241224133325241224||||||||| | ||| |||| || |  a9786020495941 0010-1224031980 aen0 a006.696 a006.696 JUB b0 aJubilee Enterprise00aBelajar sendiri Adobe Premiere CC 2019 aJakartabPT ELEX MEDIA KOMPUTINDO ax, 214 halaman : ilustrasi ; 21 cm aAdobe Premiere merupakan salah satu aplikasi penyuntingan video yang cukup ternama dan memiliki banyak pengguna di seluruh dunia. Dalam buku ini penulis akan menjelaskan secara ringkas dasar-dasar video editing dengan menggunakan Adobe Premiere, seperti mengimpor footage, mengelola clip, mengatur sequence dan timeline, membuat marker, menghadirkan efek-efek khusus, menulis teks, mengontrol audio, dan lain sebagainya. Bagi Anda yang ingin eksis di Youtube, di akhir buku juga dibahas mengenai cara mengekspor video agar bisa di-posting di Youtube, sekaligus langkah-langkah uploading, mengontrol video, dan banyak lagi. 0aAdobe Premiere (Program komputer) -- Komputer multimedia